|
|
|
|
| LEADER |
00000cas a2200000 a 4500 |
| 001 |
vtls011733757 |
| 003 |
SK-MaSNL |
| 005 |
20260420153554.0 |
| 008 |
171227c20179999xo mr|p 0 b0slo |
| 022 |
|
|
|a 2585-8009
|
| 040 |
|
|
|a SNK
|b slo
|c SNK
|d SVKBB
|e AACR2
|
| 041 |
0 |
|
|a slo
|
| 043 |
|
|
|a e-xo---
|
| 044 |
|
|
|a xo
|c SK
|
| 072 |
|
7 |
|a 316.7
|x Sociológia kultúry. Kultúrny život
|2 konspekt
|
| 072 |
|
7 |
|a 91
|x Geografia ako veda. Výskum. Cestovanie
|2 konspekt
|
| 072 |
|
7 |
|a 79
|x Rekreácia. Voľný čas. Zábavy. Hry. Šport
|2 konspekt
|
| 080 |
|
|
|a 908
|2 2011
|
| 080 |
|
|
|a 910.4
|2 2011
|
| 080 |
|
|
|a (437.6)
|2 2011
|
| 080 |
|
|
|a (051.062)
|2 2011
|
| 080 |
|
|
|a 316.728
|2 2011
|
| 080 |
|
|
|a 050
|2 2001
|
| 080 |
|
|
|a 79
|2 2011
|
| 210 |
0 |
|
|a Čarovné Slov.
|
| 222 |
|
0 |
|a Čarovné Slovensko
|
| 245 |
0 |
0 |
|a Čarovné Slovensko
|b životný štýl, cestovanie, šikovní ľudia, zaujímavosti
|
| 260 |
|
|
|a Bratislava
|b MAFRA Slovakia
|c 2017-
|
| 300 |
|
|
|a zv.
|c 28-30 cm
|
| 310 |
|
|
|a 1x mesačne
|
| 362 |
0 |
|
|a Roč. I, č. 1 (dec. 2017)-
|
| 500 |
|
|
|a Evidenčné č.: EV 5560/17
|
| 500 |
|
|
|a Šéfred.: Róberta Karpinská
|
| 500 |
|
|
|a V č. jan. (2018) rozmer zv. 30 cm
|
| 500 |
|
|
|a Časopis má dvojaké číslovanie
|
| 650 |
0 |
7 |
|a vlastiveda
|2 SNKPH
|9 3887
|
| 650 |
0 |
7 |
|a cestovanie
|2 SNKPH
|9 18846
|
| 650 |
0 |
7 |
|a životný štýl
|2 SNKPH
|9 1704
|
| 651 |
|
7 |
|a Slovensko
|2 SNKPHgeo
|9 14231
|
| 655 |
|
7 |
|a populárno-náučné časopisy
|2 SNKPH
|9 70770
|
| 700 |
1 |
|
|a Karpinská, Roberta
|4 pbd
|9 265847
|
| 910 |
|
|
|a snk
|
| 910 |
|
|
|a svkbb
|
| 999 |
|
|
|c 1252
|d 3182
|
| 952 |
|
|
|t č. jan.-jún
|a SNK
|b SNK
|y PREZ
|7 0
|p 17A1433196
|o snkČSB 7339/3/2019/1
|i snk2020/22811
|8 0
|0 0
|1 0
|4 0
|d 2020-12-15
|l 0
|r 2026-02-21 19:24:31
|w 2026-02-21
|
| 952 |
|
|
|t č. júl-dec.
|a SNK
|b SNK
|y PREZ
|7 0
|p 17A1433195
|o snkČSB 7339/3/2019/2
|i snk2020/22816
|8 0
|0 0
|1 0
|4 0
|d 2020-12-15
|l 0
|r 2026-02-21 19:24:31
|w 2026-02-21
|
| 952 |
|
|
|t č. jan.-jún
|a SNK
|b SNK
|y PREZ
|7 0
|p 17A1433194
|o snkČSB 7339/4/2020/1
|i snk2020/22822
|8 0
|0 0
|1 0
|4 0
|d 2020-12-15
|l 0
|r 2026-02-21 19:24:31
|w 2026-02-21
|
| 952 |
|
|
|t č. júl-dec.
|a SNK
|b SNK
|y PREZ
|7 0
|p 17A1433193
|o snkČSB 7339/4/2020/2
|i snk2020/22827
|8 0
|0 0
|1 0
|4 0
|d 2020-12-15
|l 0
|r 2026-02-21 19:24:31
|w 2026-02-21
|
| 952 |
|
|
|t č. jan.- apríl
|a SNK
|b SNK
|y PREZ
|7 0
|p 17A1435840
|o snkČSB 7339/4/2020/1 D1
|i snk2021/12154
|8 0
|0 0
|1 0
|4 0
|d 2021-09-09
|l 0
|r 2026-02-21 19:29:33
|w 2026-02-21
|
| 952 |
|
|
|t č. máj-august, neúplné
|a SNK
|b SNK
|y PREZ
|7 0
|p 17A1435841
|o snkČSB 7339/4/2020/2 D1
|i snk2021/12158
|8 0
|z Z dôvodu upravy zákona o povinnom výtlačku č. september-december redakcia neposlala
|0 0
|1 0
|4 0
|d 2021-09-09
|l 0
|r 2026-02-21 19:29:33
|w 2026-02-21
|
| 952 |
|
|
|t č. jan.-jún, neúplné
|a SNK
|b SNK
|y PREZ
|7 0
|p 17A1435842
|o snkČSB 7339/3/2019/1 D1
|i snk2021/12163
|8 0
|z Chýba č. marec
|0 0
|1 0
|4 0
|d 2021-09-09
|l 0
|r 2026-02-21 19:29:33
|w 2026-02-21
|
| 952 |
|
|
|t č. júl-dec., neúplné
|a SNK
|b SNK
|y PREZ
|7 0
|p 17A1435843
|o snkČSB 7339/3/2019/2 D1
|i snk2021/12164
|8 0
|z Chýba č. december
|0 0
|1 0
|4 0
|d 2021-09-09
|l 0
|r 2026-02-21 19:29:34
|w 2026-02-21
|
| 952 |
|
|
|t č. jan.-jún
|a SNK
|b SNK
|y PREZ
|7 0
|p 17A1524015
|o snkČSB 7339/6/2022/1 D1
|i snk2024/12465
|8 3
|0 0
|1 0
|4 0
|d 2024-08-05
|l 0
|r 2026-02-21 19:50:40
|w 2026-02-21
|
| 952 |
|
|
|t č. júl-dec.
|a SNK
|b SNK
|y PREZ
|7 0
|p 17A1524016
|o snkČSB 7339/6/2022/2 D1
|i snk2024/12467
|8 3
|0 0
|1 0
|4 0
|d 2024-08-05
|l 0
|r 2026-02-21 19:50:40
|w 2026-02-21
|
| 952 |
|
|
|t č. jan.-jún
|a SNK
|b SNK
|y PREZ
|7 0
|p 17A1524017
|o snkČSB 7339/7/2023/1
|i snk2024/12470
|8 0
|0 0
|1 0
|4 0
|d 2024-08-05
|l 0
|r 2026-02-21 19:50:40
|w 2026-02-21
|
| 952 |
|
|
|t č. júl-dec.
|a SNK
|b SNK
|y PREZ
|7 0
|p 17A1524018
|o snkČSB 7339/7/2023/2
|i snk2024/12471
|8 0
|0 0
|1 0
|4 0
|d 2024-08-05
|l 0
|r 2026-02-21 19:50:40
|w 2026-02-21
|
| 952 |
|
|
|t č. jan.-jún
|a SNK
|b SNK
|y PREZ
|7 0
|p 17A1521853
|o snkČSB 7339/5/2021/1
|i snk2023/15107
|8 0
|0 0
|1 0
|4 0
|d 2023-10-19
|l 0
|r 2026-02-21 19:51:56
|w 2026-02-21
|
| 952 |
|
|
|t č. júl-dec.
|a SNK
|b SNK
|y PREZ
|7 0
|p 17A1521854
|o snkČSB 7339/5/2021/2
|i snk2023/15109
|8 0
|0 0
|1 0
|4 0
|d 2023-10-19
|l 0
|r 2026-02-21 19:51:56
|w 2026-02-21
|
| 952 |
|
|
|t č. jan.-jún, neúplné
|a SNK
|b SNK
|y PREZ
|7 0
|p 17A1521855
|o snkČSB 7339/5/2021/1 D1
|i snk2023/15112
|8 3
|z Chýba č. január (č. 1)
|0 0
|1 0
|4 0
|d 2023-10-19
|l 0
|r 2026-02-21 19:51:56
|w 2026-02-21
|
| 952 |
|
|
|t č. júl-dec., neúplné
|a SNK
|b SNK
|y PREZ
|7 0
|p 17A1521856
|o snkČSB 7339/5/2021/2 D1
|i snk2023/15113
|8 3
|z Chýba č. júl, december (č. 7, 12)
|0 0
|1 0
|4 0
|d 2023-10-19
|l 0
|r 2026-02-21 19:51:56
|w 2026-02-21
|
| 952 |
|
|
|t č. jan.-jún
|a SNK
|b SNK
|y PREZ
|7 0
|p 17A1521857
|o snkČSB 7339/6/2022/1
|i snk2023/15114
|8 0
|0 0
|1 0
|4 0
|d 2023-10-19
|l 0
|r 2026-02-21 19:51:56
|w 2026-02-21
|
| 952 |
|
|
|t č. júl-dec.
|a SNK
|b SNK
|y PREZ
|7 0
|p 17A1521858
|o snkČSB 7339/6/2022/2
|i snk2023/15115
|8 0
|z Č. júl (č. 7) má v tiráži chybne uvedené č. 4
|0 0
|1 0
|4 0
|d 2023-10-19
|l 0
|r 2026-02-21 19:51:56
|w 2026-02-21
|
| 952 |
|
|
|t č. jan.-jún
|a SNK
|b SNK
|y PREZ
|7 3
|p 17A1558983
|o snkČSB 7339/8/2024/1
|i snk2026/2050
|8 0
|0 0
|1 0
|4 0
|d 2026-02-06
|l 0
|r 2026-02-21 20:11:51
|w 2026-02-21
|
| 952 |
|
|
|t č. júl-dec.
|a SNK
|b SNK
|y PREZ
|7 3
|p 17A1558984
|o snkČSB 7339/8/2024/2
|i snk2026/2051
|8 0
|0 0
|1 0
|4 0
|d 2026-02-06
|l 0
|r 2026-02-21 20:11:51
|w 2026-02-21
|
| 952 |
|
|
|t č. jan.-jún
|a SNK
|b SNK
|y PREZ
|7 3
|p 17A1558985
|o snkČSB 7339/9/2025/1
|i snk2026/2052
|8 0
|z Č. 1-január má v tiráži uvedený chybný ročník 8
|0 0
|1 0
|4 0
|d 2026-02-06
|l 0
|r 2026-02-21 20:11:51
|w 2026-02-21
|
| 952 |
|
|
|t č. júl-dec.
|a SNK
|b SNK
|y PREZ
|7 3
|p 17A1558986
|o snkČSB 7339/9/2025/2
|i snk2026/2053
|8 0
|0 0
|1 0
|4 0
|d 2026-02-06
|l 0
|r 2026-02-21 20:11:51
|w 2026-02-21
|
| 952 |
|
|
|t č. jan.-jún
|a SNK
|b SNK
|y PREZ
|7 0
|p 17A1555742
|o snkČSB 7339/7/2023/1 D1
|i snk2025/4227
|8 3
|0 0
|1 0
|4 0
|d 2025-03-07
|l 0
|r 2026-02-21 21:21:41
|w 2026-02-21
|
| 952 |
|
|
|t č. júl-dec.
|a SNK
|b SNK
|y PREZ
|7 0
|p 17A1555743
|o snkČSB 7339/7/2023/2 D1
|i snk2025/4232
|8 3
|0 0
|1 0
|4 0
|d 2025-03-07
|l 0
|r 2026-02-21 21:21:41
|w 2026-02-21
|
| 952 |
|
|
|t č. december
|a SNK
|b SNK
|y PREZ
|7 0
|p 17A1384749
|o snkČSB 7339/1/2017
|i snk2019/28087
|8 0
|0 0
|1 0
|4 0
|d 2019-11-04
|l 0
|r 2026-02-21 22:07:40
|w 2026-02-21
|
| 952 |
|
|
|t č. december
|a SNK
|b SNK
|y PREZ
|7 0
|p 17A1384750
|o snkČSB 7339/1/2017 D1
|i snk2019/28088
|8 0
|0 0
|1 0
|4 0
|d 2019-11-04
|l 0
|r 2026-02-21 22:07:40
|w 2026-02-21
|
| 952 |
|
|
|t č. január-jún
|a SNK
|b SNK
|y PREZ
|7 0
|p 17A1384751
|o snkČSB 7339/2/2018/1
|i snk2019/28099
|8 0
|0 0
|1 0
|4 0
|d 2019-11-04
|l 0
|r 2026-02-21 22:07:40
|w 2026-02-21
|
| 952 |
|
|
|t č. júl-december
|a SNK
|b SNK
|y PREZ
|7 0
|p 17A1384752
|o snkČSB 7339/2/2018/2
|i snk2019/28100
|8 0
|0 0
|1 0
|4 0
|d 2019-11-04
|l 0
|r 2026-02-21 22:07:40
|w 2026-02-21
|
| 952 |
|
|
|t č. január-jún
|a SNK
|b SNK
|y PREZ
|7 0
|p 17A1384753
|o snkČSB 7339/2/2018/1 D1
|i snk2019/28119
|8 0
|0 0
|1 0
|4 0
|d 2019-11-04
|l 0
|r 2026-02-21 22:07:40
|w 2026-02-21
|
| 952 |
|
|
|t č. júl-december
|a SNK
|b SNK
|y PREZ
|7 0
|p 17A1384754
|o snkČSB 7339/2/2018/2 D1
|i snk2019/28163
|8 0
|0 0
|1 0
|4 0
|d 2019-11-04
|l 0
|r 2026-02-21 22:07:40
|w 2026-02-21
|
| 952 |
|
|
|t 2
|a SNK
|b SNK
|c SNK_KF
|y PREZ
|7 4
|p 17A1559400
|o snkČSB 7339/8/2024/1 D1
|i snk2026/4810
|h č. jan.-jún
|8 3
|g 51.60
|0 0
|1 0
|2 udc
|4 0
|d 2026-04-01
|l 0
|r 2026-04-01 09:29:39
|w 2026-04-01
|
| 952 |
|
|
|t 2
|a SNK
|b SNK
|c SNK_KF
|y PREZ
|7 4
|p 17A1559401
|o snkČSB 7339/8/2024/2 D1
|i snk2026/4815
|h č. júl-dec.
|8 3
|g 51.60
|0 0
|1 0
|2 udc
|4 0
|d 2026-04-01
|l 0
|r 2026-04-01 09:40:12
|w 2026-04-01
|